000 00905nam a22002777a 4500
001 5361
003 FISKH
005 20250122161723.0
008 241128b cb ||||| |||| 00| 0 eng d
020 _a9780199118816
040 _aFISKH
_beng
_cFISKH
_dFISKH
082 _a930.1
100 _aAdams, Simon
245 _aArchaeology detectives /
_cby Simon Adams
250 _aFirst published 2008
260 _aOxford :
_bOxford University Press ,
_c2008.
300 _a128 pages :
_bcolor illustrations ;
_c28 cm .
505 _aZ
520 _aIntroduces archaeology and how the science has been used throughout history to discover details about ancient civilizations, lost vessels, and artifacts.
521 8 _a920
_bLexile estimate
521 8 _aZ
_bRaz-Plus
650 _aarchaeology
_vNon-fiction
650 _ahistory
_vNon-fiction
942 _2ddc
_cBK
_n0
999 _c5361
_d5361